Principles and practice of urban planning /

Bibliographic Details
Main Author: Goodman, William I., 1919-
Other Authors: Freund, Eric C.
Format: Book
Language:English
Published: Washington, D.C. : International City Managers' Association for the Institute for Training in Municipal Administration, 1968.
Edition:4th ed.
Series:Municipal management series.
Subjects:

MARC

Tag First Indicator Second Indicator Subfields
LEADER 00000cam a2200000 i 4500
001 in00000008234
005 20151002080020.0
008 770929s1968 dcua b 00110 eng d
010 |a  67030622  
035 |a (OCoLC)03305784 
035 |9 AAA0600AM 
040 |a ISE  |c ISE  |d OCL  |d WSU  |d m.c.  |d MIA  |d WRM  |d DNU  |d DMM  |d NRC  |d TXA  |d UtOrBLW 
050 4 |a NA9000  |b .G66 1968 
100 1 |a Goodman, William I.,  |d 1919- 
245 1 0 |a Principles and practice of urban planning /  |c [by] William I. Goodman [and] Eric C. Freund. 
250 |a 4th ed. 
264 1 |a Washington, D.C. :  |b International City Managers' Association for the Institute for Training in Municipal Administration,  |c 1968. 
300 |a 621 pages :  |b illustrations ;  |c 27 cm. 
336 |a text  |b txt  |2 rdacontent 
337 |a unmediated  |b n  |2 rdamedia 
338 |a volume  |b nc  |2 rdacarrier 
490 1 |a The Municipal management series 
500 |a 1st-3d edition published under title: Local planning administration. 
504 |a Bibliography : pages [585]-604. 
500 |a Includes index. 
650 0 |a City planning. 
650 0 |a Cities and towns  |x Growth. 
700 1 |a Freund, Eric C. 
830 0 |a Municipal management series. 
999 |a MARS 
999 f f |s 39d206c8-b43b-3966-bd67-4e76f1098b47  |i 5ba3233d-2f2e-399c-96bf-c74c4d967912  |t 0 
952 f f |p ric  |a Texas A&M University  |b Rellis Campus  |c Joint Library Facility  |d Remote Storage  |t 0  |e NA9000 .G66 1968  |h Library of Congress classification  |i unmediated -- volume  |m A14812617022 
998 f f |a NA9000 .G66 1968  |t 0  |l Remote Storage